000 00948nam a2200277 i 4500
003 DO-SdBNP
005 20240624151320.0
006 a||||gr|||| 00| 0
007 ta
008 240624e2004 cl ad||| |||| 00| 0 spa d
020 _a9562393038
040 _aDO-SdBNP
_bspa
_cBNPHU
_erda
082 4 _222
_bT597c
100 1 _aTironi, Eugenio
_eautor
_985775
245 1 0 _aComunicación estratégica:
_bvivir en un mundo de señales /
_cEugenio Tironi, Ascanio Cavallo.
264 4 _aSantiago de Chile :
_bTaurus,
_c©2004
300 _a285 páginas :
_bilustraciones, gráficas ;
_c24 cm.
336 _2rdacontent
_atexto
_btxt
337 _2rdamedia
_asin mediación
_bn
338 _2rdacarrier
_avolumen
_bnc
500 _aIncluye datos biográficos de los autores en las solapas de las cubiertas.
504 _aBibliografía: página 285
590 _aInventariado 2024 / MF
700 1 _aCavallo, Ascanio,
_eautor
_985776
942 _2ddc
_cLBS1
999 _c56951
_d56951